| 000 | 01109nam a22003257a 4500 | ||
|---|---|---|---|
| 005 | 20260313160049.0 | ||
| 008 | 260313b |||||||| |||| 00| 0 eng d | ||
| 020 | _a9789348002563 | ||
| 037 | _cLCT | ||
| 040 |
_aLCT _cLCT |
||
| 041 |
_aeng _heng |
||
| 084 | _aX:321:(Z) R5 | ||
| 100 |
_a Bangia, R K _91132054 |
||
| 245 | _aR K Bangia's Consumer Protection Laws/ | ||
| 250 | _a10th ed. | ||
| 260 |
_aFaridabad, India: _bAllahabad Law Agency, _c2025 |
||
| 300 | _axxviii, 408p. | ||
| 365 |
_b525 _cINR |
||
| 650 |
_aConsumer Protection _9301299 |
||
| 650 |
_aConsumer Protection Act 2019 _91132055 |
||
| 650 |
_aMotor Vehicle Act, 1988 _91132056 |
||
| 650 |
_aCompetition Act, 2002 _9751510 |
||
| 650 | _alaw | ||
| 650 |
_aCompetition Act _9700891 |
||
| 650 |
_aConsumer Rights _9735011 |
||
| 650 |
_a E-commerce _9854539 |
||
| 700 |
_aRaghuvanshi, S. K. _91131521 |
||
| 942 |
_2CC _cTB _hX:321:(Z) R5 _n0 |
||
| 999 |
_c1715407 _d1715407 |
||